Key data (Record no. 80469)

MARC details
000 -LEADER
fixed length control field 00720cab a22001935a 4500
001 - CONTROL NUMBER
control field L144451
008 - FIXED-LENGTH DATA ELEMENTS--GENERAL INFORMATION
fixed length control field 080721s2008 xxkad f s 000 0 eng d
035 ## - SYSTEM CONTROL NUMBER
System control number (Sirsi) u144451
041 0# - LANGUAGE CODE
Language code of text/sound track or separate title eng
110 2# - MAIN ENTRY--CORPORATE NAME
Corporate name or jurisdiction name as entry element AsiaProperty
9 (RLIN) 5571
245 00 - TITLE STATEMENT
Title Key data
Remainder of title occupiers
260 ## - PUBLICATION, DISTRIBUTION, ETC.
Date of publication, distribution, etc. 2008
490 #0 - SERIES STATEMENT
Series statement Asia Property
Volume/sequential designation May 2008, 30(1)
520 ## - SUMMARY, ETC.
Summary, etc. Reports that retailers are looking to Asia for emerging markets to push forward their future business. Reports that office rents continue to rise in Singapore during the first quarter 2008. Table shows prime Asian rents and yields, fourth quarter 2007.
590 ## - LOCAL NOTE (RLIN)
Local note KA
651 #4 - SUBJECT ADDED ENTRY--GEOGRAPHIC NAME
Geographic name China
690 ## - LOCAL SUBJECT ADDED ENTRY--TOPICAL TERM (OCLC, RLIN)
Topical term or geographic name as entry element PROPERTY-COMMERCIAL PROPERTY-COMMERCIAL PROPERTY MARKET
942 ## - ADDED ENTRY ELEMENTS (KOHA)
Suppress in OPAC 0
Holdings
Withdrawn status Lost status Source of classification or shelving scheme Damaged status Not for loan Home library Current library Shelving location Date acquired Total Checkouts Full call number Barcode Date last seen Copy number Price effective from Koha item type
    Dewey Decimal Classification     London London Journal article 21/07/2008   L144451 144451-1001 06/08/2019 1 06/08/2019 Journal article